Richest Countries in 2030 - Statistics

General Stats
  • This quiz has been taken 43 times
  • The average score is 16 of 18
Answer Stats
Projected GDP (2030) Country % Correct
$25.83 Trillion China
97%
$6.77 Trillion India
97%
$37.15 Trillion United States
97%
$3.75 Trillion France
95%
$5.58 Trillion Germany
95%
$2.2 Trillion Spain
95%
$4.96 Trillion United Kingdom
95%
$2.78 Trillion Italy
92%
$4.99 Trillion Japan
92%
$2.79 Trillion Canada
90%
$2.38 Trillion Russia
90%
$2.18 Trillion Australia
87%
$2.68 Trillion Brazil
85%
$2.15 Trillion Mexico
85%
$2.15 Trillion South Korea
82%
$2.07 Trillion Indonesia
72%
$1.57 Trillion Netherlands
67%
$1.78 Trillion Türkiye
56%
No matching quizzes found
Score Distribution
Percent of People with Each Score
Percentile by Number Answered
Your Score History
You have not taken this quiz